LEADER 02244oam 2200613 450 001 9910715950203321 005 20220513132601.0 024 8 $a39-690 035 $a(CKB)5470000002516593 035 $a(OCoLC)1245954202 035 $a(EXLCZ)995470000002516593 100 $a20210413d2021 ua 0 101 0 $aeng 135 $aur||||||||||| 181 $ctxt$2rdacontent 182 $cc$2rdamedia 183 $acr$2rdacarrier 200 10$aAI, UAVs, hypersonics, and autonomous systems $eemerging technologies and Euro-Atlantic security : hearing before the Commission on Security and Cooperation in Europe, One Hundred Sixteenth Congress, second session, January 22, 2020 210 1$aWashington :$cU.S. Government Publishing Office,$d2021. 215 $a1 online resource (iii, 51 pages) 300 $aAccess ID (govinfo): CHRG-116jhrg39690. 320 $aIncludes bibliographical references. 517 $aAI, UAVs, hypersonics, and autonomous systems 606 $aMilitary art and science$xTechnological innovations$zEurope 606 $aMilitary art and science$xTechnological innovations$zAtlantic Ocean Region 606 $aArtificial intelligence$xMilitary applications 606 $aNational security$zEurope 606 $aNational security$zAtlantic Ocean Region 606 $aDrone aircraft 606 $aCyberspace operations (Military science) 607 $aUnited States$xArmed Forces$xEquipment$xTechnological innovations 608 $aLegislative hearings.$2lcgft 615 0$aMilitary art and science$xTechnological innovations 615 0$aMilitary art and science$xTechnological innovations 615 0$aArtificial intelligence$xMilitary applications. 615 0$aNational security 615 0$aNational security 615 0$aDrone aircraft. 615 0$aCyberspace operations (Military science) 676 $a4.SE 2:116-2-1 801 0$bGPO 801 1$bGPO 801 2$bGPO 801 2$bOCLCO 801 2$bOCLCF 801 2$bDWP 801 2$bGPO 801 2$bOCLCQ 801 2$bOCLCO 801 2$bGPO 906 $aBOOK 912 $a9910715950203321 996 $aAI, UAVs, hypersonics, and autonomous systems$93437140 997 $aUNINA